00313nas a22001217a 4500008004100000022001400041245002400055260005900079300000900138310001200147546001100159650002100170130408t20069999su ||||| |||| 00| 0 eng d a1658-2489 aSGH Medical Journal aJeddah,bSaudi German Hospitals Medical Journal:c2006 av. : abianual aingles aMEDICINA INTERNA